Himbu, el pequeño pintor/ (Registro nro. 60479)

Detalles MARC
000 -CABECERA
Longitud fija campo de control 01135nam a2200373 c 4500
003 - • IDENTIFICADOR DELl NÚMERO DE CONTROL
Identificador del número de control SpMaBN
005 - • FECHA Y HORA DE LA ÚLTIMA TRANSACCIÓN
Fecha y hora de la última transacción 20260309170614.0
007 - • CAMPO FIJO DE DESCRIPCIÓN FÍSICA
Campo fijo de descripción física ta
008 - • CÓDIGOS DE INFORMACIÓN DE LONGITUD FIJA
Códigos de información de longitud fija 200122s2019 sp a | |||| 000 p spa
017 ## - NÚMERO DE COPYRIGHT O DE DEPÓSITO LEGAL
Número de copyright o de depósito legal Z 417-2019
Agencia que asigna el número Oficina Depósito Legal Zaragoza
020 ## - • NÚMERO INTERNACIONAL NORMALIZADO PARA LIBROS
Número Internacional Normalizado para Libros (ISBN) 9788414023297
040 ## - FUENTE DE LA CATALOGACIÓN
Centro catalogador de origen SpMaBN
Lengua de catalogación spa
Centro transcriptor SpMaBN
Normas de descripción rda
082 ## - • NÚMERO DE LA CLASIFICACIÓN DECIMAL DEWEY
Número de clasificación (R) 863
Número del ítem l287h
084 ## - • Clasificación Local Alfanúmerica PNLB
Número de clasificación P LAN
100 1# - • PUNTO DE ACCESO PRINCIPAL-NOMBRE DE PERSONA
Nombre de persona Lanseros, Raquel
Fechas asociadas al nombre 1973-
Término indicativo de función autor
245 10 - • TITULO PROPIAMENTE DICHO
Título Himbu, el pequeño pintor/
Mención de responsabilidad, etc. Raquel Lanseros ; ilustraciones, Christian Inaraja
250 ## - • MENCIÓN DE EDICIÓN
Mención de edición Primera edición
264 #1 - PRODUCCIÓN, PUBLICACIÓN , DISTRIBUCIÓN, FABRICACIÓN Y COPYRIGHT
Lugar de producción, publicación, distribución, fabricación [Zaragoza]
Nombre del productor, editor, distribuidor, fabricante Edelvives,
Fecha de de producción, publicación, distribución, fabricación o copyright [2019]
264 #4 - PRODUCCIÓN, PUBLICACIÓN , DISTRIBUCIÓN, FABRICACIÓN Y COPYRIGHT
Fecha de de producción, publicación, distribución, fabricación o copyright ©2019
300 ## - • DESCRIPCIÓN FÍSICA
Extensión 52 páginas sin numerar
Otras características físicas ilustraciones a color
Dimensiones 30 cm
336 ## - TIPO DE CONTENIDO
Término de tipo de contenido Texto
-- Imagen fija
Fuente rdacontent
Código de tipo de contenido txt
337 ## - TIPO DE MEDIO
Nombre del tipo de medio sin mediación
Fuente rdamedia
Código del tipo de medio n
338 ## - TIPO DE SOPORTE
Nombre del tipo de soporte volumen
Fuente rdacarrier
Código del tipo de soporte nc
650 ## - • PUNTO DE ACCESO ADICIONAL DE MATERIA - TÉRMINO DE MATERIA
Fuente del encabezamiento o término LEMB
655 #7 - • TÉRMINO DE INDIZACIÓN - GÉNERO/FORMA
Datos o término principal de género/forma Poesías infantiles
Fuente del término tgfbne
9 (RLIN) 68782
655 #7 - • TÉRMINO DE INDIZACIÓN - GÉNERO/FORMA
Datos o término principal de género/forma Libros infantiles
Fuente del término tgfbne
655 #7 - • TÉRMINO DE INDIZACIÓN - GÉNERO/FORMA
Datos o término principal de género/forma Libros ilustrados
Fuente del término tgfbne
700 1# - • PUNTO DE ACCESO ADICIONAL - NOMBRE DE PERSONA
Nombre de persona Inaraja, Christian
Fechas asociadas al nombre 1972-
Término indicativo de función ilustrador
901 ## - ELEMENTO A DATOS LOCALES, ADL (RLIN)
a "ISBN"
901 ## - ELEMENTO A DATOS LOCALES, ADL (RLIN)
a MON20
942 ## - ENTRADA DE ELEMENTOS AGREGADOS (KOHA)
Fuente de clasificaión o esquema Dewey Decimal Classification
Koha [por defecto] tipo de item Libro Infantil
956 ## - LOCALIZACIÓN Y ACCESO ELECTRÓNICO LOCAL (OCLC)
Nombre de la fuente 2
Existencias
Perdido Fuente de clasificación o esquema Estado Físico No para préstamo Forma de adquisición Localización permanente Localización actual Localización en estanterías Fecha adquisición Préstamos totales Signatura completa Código de barras Fecha última consulta Número de copia Fecha del precio de reemplazo Tipo de item de Koha Fuente de adquisición Calificador de ubicación codificada
  Dewey Decimal Classification     Infantil Biblioteca Pública Dorado Biblioteca Pública Dorado Sala Infantil 02/17/2026   C LAN DOR03279 02/17/2026 Ej.1 02/17/2026 Libro Infantil    
  Dewey Decimal Classification     Infantil Biblioteca Pública José Eustasio Rivera - San Martin Biblioteca Pública José Eustasio Rivera - San Martin Sala Infantil 03/11/2026   863 L287h SM04496 03/11/2026 Ej.1 03/11/2026 Libro Infantil    
  Dewey Decimal Classification     Infantil Biblioteca Pública Puerto López - Jorge Eliecer Gaitán Biblioteca Pública Puerto López - Jorge Eliecer Gaitán Sala Infantil 02/14/2026   863 L287h PLZ01787 02/14/2026 Ej.1 02/14/2026 Libro Infantil    
  Dewey Decimal Classification       Biblioteca Pública San Carlos de Guaroa - Eduardo Carranza Biblioteca Pública San Carlos de Guaroa - Eduardo Carranza Sala Infantil 03/25/2026   863 L287h SG4468 03/25/2026 Ej.1 03/25/2026 Libro Infantil    
  Dewey Decimal Classification     Infantil Biblioteca Pública Guamal Biblioteca Pública Guamal Sala Infantil 03/09/2026   P LAN GUA005065 03/09/2026 Ej.1 03/09/2026 Literatura Infantil    
  Dewey Decimal Classification     Infantil Biblioteca Pública Mapiripan Biblioteca Pública Mapiripan Sala Infantil 04/13/2026   863 l287h MAP00004692 04/13/2026 Ej.1 04/13/2026 Libro Infantil    
  Dewey Decimal Classification     Infantil Biblioteca Pública Rural El Yarí- vereda Playa Rica La Macarena Biblioteca Pública Rural El Yarí- vereda Playa Rica La Macarena Sala Infantil 04/20/2026   863 l287h 9788414023297 05/11/2026 Ej.1 05/11/2026 Libro Infantil Instituto Departamental de Cultura del Meta 9788414023297









Instituto Departamental de Cultura del Meta - Red Departamental de Bibliotecas Públicas del Meta.